| 000 | 00735nam a2200229 4500 | ||
|---|---|---|---|
| 003 | LK-CoMWRAF | ||
| 005 | 20230828124053.0 | ||
| 008 | 230819b2006 |||||||| |||| 00| 0 eng d | ||
| 020 | _a9789551266585 | ||
| 040 |
_aLK-CoMWRAF _dLK-CoMWRAF _eLK-CoMWRAF |
||
| 041 | _aeng | ||
| 082 |
_a355.0335 _bSIN |
||
| 100 | _aSingh, Harkirat | ||
| 245 |
_aIntervention in Sri Lanka: _bthe IPKF Experience Retold |
||
| 260 |
_aColombo: _bVijitha Yapa, _c2006 |
||
| 300 |
_a188 p., [12] p. of plates : ill., maps ; 23 cm. _bIndex included |
||
| 650 | _aINDIAN PEACE KEEPING FORCE | ||
| 650 | _aPeacekeeping forces-Sri Lanka | ||
| 650 | _aPolitics and government-Sri Lanka | ||
| 650 | _aForeign relations- India India-Sri Lanka | ||
| 942 | _cBK | ||
| 999 |
_c3225 _d3225 |
||